000 00962nam a22003377a 4500
001 0053592
003 KOHA_MİRAKIL
005 20260207003920.0
007 ta
008 151112b2000 tu |||grn|||#0|||0|tur |
020 _a9755911790
040 _aTR-BiSEU
_btur
_cTR-BiSEU
_erda
041 0 _atur
044 _ctu
050 _aTK7872
_b.G96 2000
100 1 _aGürdal, Osman.
245 1 _aAlgılayıcılar ve dönüştürücüler/
_cOsman Gürdal ; Osman Gürdal.
250 _a3. Baskı
264 1 _aAnkara :
_bSeçkinYayınları
_c2000
300 _aXII, 696 sayfa ;
_c28 cm.
336 _ametin
_btxt
_2rdacontent
337 _aaracısız
_bn
_2rdamedia
338 _acilt
_bnc
_2rdacarrier
490 1 _aNobel yayın ;
_vno.
490 1 _a200.
650 0 _aDönüştürücüler.Detektörler.Transducers.Sensors.
_999938
830 1 _aNobel yayın ;
_vno.
_91510
830 1 _a200.
_96994
907 _aAraştırma
942 _2lcc
_cBK
999 _c53402
_d53402